Sistemas de decisión financiera

Na minha lista:
Detalhes bibliográficos
Autor principal: Morris, William Thomas (autor)
Formato: Livro
Idioma:espanhol
Publicado em: Buenos Aires El Ateneo 1971
Colecção:Biblioteca de ciencias económicas
Assuntos:
Tags: Adicionar Tag
Sem tags, seja o primeiro a adicionar uma tag!

MARC

LEADER 00000nam a2200000 a 4500
001 UCX8718
003 CL-VaPUC
008 940421e19710000AG |||||||||||||||||spa|d
082 0 4 |a 658.15  |b MOR  |2 21 
100 |a Morris, William Thomas  |e autor  |9 325915 
245 1 0 |a Sistemas de decisión financiera 
300 |a 152 p 
942 |c BK 
945 |d 19940421 00:00:00  |a mfernand 
260 |a Buenos Aires  |b El Ateneo  |c 1971 
650 7 |a FINANZAS TOMA DE DECISIONES  |2 CL-VaPUC  |9 325916 
650 0 |a Inversiones de capital   |9 271545 
583 |a last modification  |c 19940421 00:00:00  |k Rodrigo Vera 
490 0 |a Biblioteca de ciencias económicas 
999 |c 228139  |d 228137 
952 |0 0  |1 0  |4 0  |6 658_150000000000000_MOR_1971  |7 0  |8 A  |9 227805  |a BIBGIM  |b BIBGIM  |d 2019-11-15  |i 2969505  |o 658.15 MOR 1971  |p 2969505  |r 2025-01-15  |w 2019-11-15  |y BK  |k COM